[Event "Montreal Pere Noel"]
[Site "Montreal"]
[Date "2011.12.28"]
[Round "3"]
[White "Malette, Martin"]
[Black "Larochelle, Martial"]
[Result "0-1"]
[WhiteElo "1931"]
[BlackElo "2220"]
[PlyCount "74"]
[EventDate "2011.12.26"]
[EventType "swiss"]
[EventRounds "5"]
[EventCountry "CAN"]
[SourceTitle "EXT 2022"]
[Source "ChessBase"]
[SourceDate "2021.10.06"]
[SourceVersion "1"]
[SourceVersionDate "2021.10.06"]
[SourceQuality "1"]

1. e4 c5 2. Nf3 d6 3. d4 cxd4 4. Nxd4 Nf6 5. Nc3 a6 6. f3 e5 7. Nb3 Be6 8. Be3 Be7 9. Qd2 0-0 10. 0-0-0 Nbd7 11. g4 b5 12. g5 b4 13. gxf6 bxc3 14. Qxc3 Nxf6 15. Qa5 Qc8 16. Rd3 Qb7 17. Qb6 Qxb6 18. Bxb6 Rfc8 19. Ba5 d5 20. Rc3 dxe4 21. Rxc8+ Bxc8 22. fxe4 Bb7 23. Bg2 Bxe4 24. Bxe4 Nxe4 25. c3 f5 26. Rd1 Kf7 27. Kc2 Ke6 28. Nc1 Rc8 29. b3 f4 30. c4 Nf6 31. Rg1 g6 32. Nd3 Kf5 33. Bc3 Bd6 34. Re1 e4 35. Nxf4 Bxf4 36. Bxf6 Kxf6 37. Rxe4 g5 0-1

[Event "Quebec-ch opB"]
[Site "Montreal"]
[Date "2010.07.28"]
[Round "6"]
[White "Auger, Bertrand"]
[Black "Malette, Martin"]
[Result "1/2-1/2"]
[WhiteElo "1950"]
[BlackElo "1981"]
[PlyCount "129"]
[EventDate "2010.07.24"]
[EventType "swiss"]
[EventRounds "9"]
[EventCountry "CAN"]
[SourceTitle "EXT 2013"]
[Source "ChessBase"]
[SourceDate "2012.11.22"]
[SourceVersion "1"]
[SourceVersionDate "2012.11.22"]
[SourceQuality "1"]

1. Nf3 Nf6 2. g3 g6 3. b4 Bg7 4. Bb2 0-0 5. Bg2 d6 6. c4 e5 7. d3 Na6 8. a3 c6 9. 0-0 Be6 10. Ng5 Bd7 11. Nd2 h6 12. Nge4 Be6 13. b5 cxb5 14. cxb5 Nc7 15. Nxf6+ Bxf6 16. a4 Bd5 17. e4 Be6 18. Ba3 Be7 19. Nc4 f6 20. Ne3 Qd7 21. f4 Bf7 22. f5 g5 23. Bf3 d5 24. Bxe7 Qxe7 25. exd5 Qc5 26. d4 Qxd4 27. Qxd4 exd4 28. d6 Nxb5 29. Nd5 Nxd6 30. Nxf6+ Kh8 31. Nd7 Rfd8 32. Ne5 Bb3 33. f6 Rab8 34. Rf2 Nf7 35. Ng6+ Kg8 36. Rb2 Bc4 37. Rc1 b5 38. Ne7+ Kf8 39. Nc6 a6 40. Nxb8 Ne5 41. Nc6 Nxf3+ 42. Kf2 Rd6 43. Kxf3 Rxc6 44. Ke4 Rd6 45. Ke5 Rd5+ 46. Ke6 Rd8+ 47. Ke5 Kf7 48. axb5 axb5 49. Ra1 Rd5+ 50. Ke4 Kxf6 51. Ra6+ Kg7 52. Ra7+ Kg6 53. Ra6+ Kg7 54. Ra7+ Kf6 55. Rf2+ Kg6 56. Ra6+ Kg7 57. Rff6 d3 58. Rg6+ Kf7 59. Rgf6+ Ke7 60. Rfe6+ Kd7 61. Rxh6 Kc7 62. Rh7+ Kb8 63. Rb6+ Ka8 64. Ra6+ Kb8 65. Rb6+ 1/2-1/2

[Event "Hull CC-ch A"]
[Site "Gatineau"]
[Date "2007.03.20"]
[Round "2"]
[White "Gagnon, Fabien"]
[Black "Malette, Martin"]
[Result "1/2-1/2"]
[WhiteElo "1975"]
[BlackElo "2075"]
[PlyCount "64"]
[EventDate "2007.03.13"]
[EventType "tourn"]
[EventRounds "5"]
[EventCountry "CAN"]
[SourceTitle "EXT 2022"]
[Source "ChessBase"]
[SourceDate "2021.10.06"]
[SourceVersion "1"]
[SourceVersionDate "2021.10.06"]
[SourceQuality "1"]

1. e4 c5 2. Nc3 g6 3. g3 Bg7 4. Bg2 e5 5. d3 Ne7 6. f4 Nbc6 7. Nh3 0-0 8. 0-0 d6 9. f5 gxf5 10. exf5 Bxf5 11. Rxf5 Nxf5 12. Qh5 Nfd4 13. Be4 Re8 14. Qxh7+ Kf8 15. Nd5 Ne2+ 16. Kg2 Nxc1 17. Rxc1 Re6 18. Rf1 Rh6 19. Qf5 f6 20. Ng5 Qc8 21. Nh7+ Kf7 22. Ng5+ Kg8 23. Ne6 Qd7 24. Qg4 Kh8 25. Bf5 Qf7 26. c3 Ne7 27. Be4 Rg8 28. Ng5 Qe8 29. Nc7 Qf8 30. Nce6 Qe8 31. Nc7 Qf8 32. Nce6 Qe8 1/2-1/2

[Event "Quebec op U2300"]
[Site "Montreal"]
[Date "2007.??.??"]
[Round "3"]
[White "Ramaswamy, Kishor"]
[Black "Malette, Martin"]
[Result "1-0"]
[WhiteElo "2125"]
[BlackElo "2025"]
[PlyCount "81"]
[EventDate "2007.07.20"]
[EventType "swiss"]
[EventRounds "9"]
[EventCountry "CAN"]
[SourceTitle "EXT 2010"]
[Source "ChessBase"]
[SourceDate "2010.11.25"]
[SourceVersion "1"]
[SourceVersionDate "2010.11.25"]
[SourceQuality "1"]

1. d4 Nf6 2. Nf3 g6 3. Bg5 Bg7 4. Nbd2 d5 5. e3 0-0 6. Be2 b6 7. b4 c5 8. bxc5 bxc5 9. c3 Qa5 10. Qb3 Nbd7 11. Ne5 Rb8 12. Qc2 Nxe5 13. dxe5 Ne4 14. Nxe4 dxe4 15. Bf4 Qa3 16. 0-0 Rb2 17. Qc1 Be6 18. c4 Qb4 19. Re1 Rd8 20. a3 Qb3 21. Bd1 Qb6 22. Bc2 Bxc4 23. Bxe4 Be6 24. Rb1 Rdd2 25. Rd1 Rxb1 26. Qxd2 Rxd1+ 27. Qxd1 h6 28. h4 h5 29. Qa4 Qc7 30. Bc2 c4 31. Qe8+ Kh7 32. g4 hxg4 33. h5 Bxe5 34. Bxg6+ Kg7 35. h6+ Kf6 36. Qh8+ Kxg6 37. Qg8+ Kf5 38. Qg5+ Ke4 39. Bxe5 Qxe5 40. Qxe5+ Kxe5 41. h7 1-0

[Event "Gatineau Nez rouge A"]
[Site "Gatineau"]
[Date "2006.11.21"]
[Round "1"]
[White "Thibault, Mario"]
[Black "Malette, Martin"]
[Result "1/2-1/2"]
[WhiteElo "1645"]
[BlackElo "2057"]
[PlyCount "69"]
[EventDate "2006.11.21"]
[EventType "swiss"]
[EventRounds "5"]
[EventCountry "CAN"]
[SourceTitle "EXT 2022"]
[Source "ChessBase"]
[SourceDate "2021.10.06"]
[SourceVersion "1"]
[SourceVersionDate "2021.10.06"]
[SourceQuality "1"]

1. Nf3 g6 2. g3 Bg7 3. Bg2 d6 4. d3 c5 5. e4 e5 6. 0-0 Ne7 7. Nc3 0-0 8. Rb1 Nbc6 9. a3 f5 10. Bg5 h6 11. Bxe7 Nxe7 12. exf5 gxf5 13. Nh4 f4 14. Nd5 Nf5 15. Nxf5 Bxf5 16. b4 b6 17. Qe2 Kh8 18. g4 Be6 19. Be4 Rg8 20. Kh1 Qg5 21. Rg1 Rad8 22. f3 Rd7 23. Qg2 Bf8 24. Qf2 Rdg7 25. Rg2 h5 26. h4 Qd8 27. g5 Be7 28. c4 Qd7 29. Rgg1 Rc8 30. b5 Bf5 31. Kh2 Bd8 32. Ra1 Be6 33. a4 Bxd5 34. Bxd5 Qe8 35. Be4 1/2-1/2

[Event "Gatineau Roger Roy Memorial"]
[Site "Gatineau"]
[Date "2006.10.31"]
[Round "3"]
[White "Malette, Martin"]
[Black "Libersan, Mattieu"]
[Result "1-0"]
[WhiteElo "2025"]
[BlackElo "1945"]
[PlyCount "77"]
[EventDate "2006.10.17"]
[EventType "swiss"]
[EventRounds "5"]
[EventCountry "CAN"]
[SourceTitle "EXT 2022"]
[Source "ChessBase"]
[SourceDate "2021.10.06"]
[SourceVersion "1"]
[SourceVersionDate "2021.10.06"]
[SourceQuality "1"]

1. e4 e5 2. Nf3 f5 3. Nxe5 Nc6 4. d4 Qf6 5. Nxc6 dxc6 6. e5 Qf7 7. c3 Be6 8. Nd2 0-0-0 9. Qa4 Kb8 10. Bc4 Ne7 11. Bxe6 Qxe6 12. Qb3 Nd5 13. Nf3 Be7 14. Bd2 g5 15. 0-0-0 g4 16. Ng1 c5 17. Ne2 cxd4 18. Nxd4 Qg6 19. Kb1 c5 20. Nc2 Rhe8 21. c4 Nc7 22. f4 gxf3 23. Qxf3 Ne6 24. Ba5 b6 25. Rxd8+ Rxd8 26. Bc3 Ng5 27. Qg3 Qe6 28. Ne3 Ne4 29. Qe1 Rd3 30. Nd5 Bg5 31. Kc2 Rxc3+ 32. Nxc3 Bd2 33. Qe2 Bxc3 34. bxc3 Qxe5 35. Qf3 a6 36. h3 Ka7 37. Re1 b5 38. g4 b4 39. gxf5 1-0

[Event "Montreal op"]
[Site "Montreal"]
[Date "2005.07.22"]
[Round "6"]
[White "Malette, Martin"]
[Black "Masse, Hugues"]
[Result "1/2-1/2"]
[WhiteElo "2043"]
[BlackElo "2264"]
[PlyCount "96"]
[EventDate "2005.07.15"]
[EventType "swiss"]
[EventRounds "9"]
[EventCountry "CAN"]
[SourceTitle "EXT 2007"]
[Source "ChessBase"]
[SourceDate "2006.11.23"]
[SourceVersion "1"]
[SourceVersionDate "2006.11.23"]
[SourceQuality "1"]

1. d4 Nf6 2. c4 g6 3. Nc3 d5 4. Nf3 Bg7 5. Qb3 dxc4 6. Qxc4 0-0 7. e4 Nc6 8. Be2 Bg4 9. Be3 Bxf3 10. Bxf3 e5 11. d5 Nd4 12. 0-0-0 a6 13. Ne2 b5 14. Qd3 c5 15. dxc6 Nxc6 16. Qxd8 Rfxd8 17. Rxd8+ Rxd8 18. Rd1 Rxd1+ 19. Kxd1 Kf8 20. a4 b4 21. Kc2 Ke8 22. Kb3 Bf8 23. Kc4 Kd7 24. Bb6 Kc8 25. Nc1 Kb7 26. Be3 Na5+ 27. Kd3 Kc6 28. Bd1 Nd7 29. Nb3 Nxb3 30. Bxb3 Nc5+ 31. Bxc5 Bxc5 32. Bxf7 Bxf2 33. Kc4 b3 34. Be8+ Kd6 35. Kxb3 a5 36. Kc4 Be1 37. Bf7 g5 38. g3 Bb4 39. Kb5 Be1 40. Bg8 h6 41. Bf7 Bb4 42. h4 gxh4 43. gxh4 Be1 44. h5 Bb4 45. Kb6 Ke7 46. Bg6 Kd6 47. Bf7 Ke7 48. Bg6 Kd6 1/2-1/2

[Event "Montreal op"]
[Site "Montreal"]
[Date "2005.07.21"]
[Round "5"]
[White "Yuan, Yuanling"]
[Black "Malette, Martin"]
[Result "0-1"]
[WhiteElo "1995"]
[BlackElo "2043"]
[PlyCount "71"]
[EventDate "2005.07.15"]
[EventType "swiss"]
[EventRounds "9"]
[EventCountry "CAN"]
[SourceTitle "EXT 2007"]
[Source "ChessBase"]
[SourceDate "2006.11.23"]
[SourceVersion "1"]
[SourceVersionDate "2006.11.23"]
[SourceQuality "1"]

1. e4 c5 2. Nf3 d6 3. d4 Nf6 4. Nc3 cxd4 5. Nxd4 g6 6. Be3 Bg7 7. f3 Nc6 8. Qd2 0-0 9. Bc4 Bd7 10. h4 Rc8 11. Bb3 Ne5 12. 0-0-0 Nc4 13. Bxc4 Rxc4 14. g4 Qa5 15. Nb3 Qa6 16. h5 Rfc8 17. hxg6 hxg6 18. e5 Rxc3 19. bxc3 Nxg4 20. fxg4 Bxg4 21. Rdf1 Qxa2 22. Rf4 Be6 23. Rb4 a5 24. Rxb7 a4 25. Na5 Bd5 26. Qh2 Bxb7 27. Nxb7 Qa1+ 28. Kd2 Qxc3+ 29. Ke2 Qxc2+ 30. Bd2 Qe4+ 31. Kd1 Qxb7 32. exd6 exd6 33. Rf1 Qb1+ 34. Ke2 Qe4+ 35. Kd1 a3 36. Qxd6 0-1

[Event "Montreal op"]
[Site "Montreal"]
[Date "2005.07.18"]
[Round "2"]
[White "Rivest, Jean Michel"]
[Black "Malette, Martin"]
[Result "1-0"]
[WhiteElo "1921"]
[BlackElo "2043"]
[PlyCount "71"]
[EventDate "2005.07.15"]
[EventType "swiss"]
[EventRounds "9"]
[EventCountry "CAN"]
[SourceTitle "EXT 2007"]
[Source "ChessBase"]
[SourceDate "2006.11.23"]
[SourceVersion "1"]
[SourceVersionDate "2006.11.23"]
[SourceQuality "1"]

1. e4 c5 2. Nf3 d6 3. d4 Nf6 4. Nc3 cxd4 5. Nxd4 g6 6. Be3 Bg7 7. f3 Nc6 8. Qd2 0-0 9. Bc4 Bd7 10. 0-0-0 Rc8 11. Bb3 Ne5 12. Kb1 Nc4 13. Bxc4 Rxc4 14. g4 b5 15. h4 Qb8 16. h5 Rfc8 17. hxg6 Rxc3 18. gxh7+ Nxh7 19. bxc3 Qc7 20. Qh2 Nf6 21. g5 Ne8 22. Rd3 Qa5 23. Nb3 Qa4 24. Bd4 e5 25. Be3 Be6 26. Qh7+ Kf8 27. g6 f6 28. Bh6 Rc7 29. Bxg7+ Rxg7 30. Qh8+ Bg8 31. Qh3 Rxg6 32. Qc8 Qa3 33. Rhd1 Ke7 34. Qb7+ Kf8 35. Qxb5 Rg2 36. Qa5 1-0

[Event "Montreal Pere Noel op"]
[Site "Montreal"]
[Date "2004.12.26"]
[Round "1"]
[White "Malette, Martin"]
[Black "Lawson, Eric"]
[Result "1-0"]
[WhiteElo "2081"]
[BlackElo "2409"]
[PlyCount "59"]
[EventDate "2004.12.??"]
[EventType "swiss"]
[EventRounds "5"]
[EventCountry "CAN"]
[SourceTitle "EXT 2006"]
[Source "ChessBase"]
[SourceDate "2005.11.24"]
[SourceVersion "1"]
[SourceVersionDate "2005.11.24"]
[SourceQuality "1"]

1. e4 c5 2. Nf3 Nc6 3. Nc3 d6 4. d4 cxd4 5. Nxd4 Nf6 6. f3 e5 7. Nb3 Be6 8. Be3 Be7 9. Qd2 0-0 10. 0-0-0 a6 11. g4 b5 12. h4 Rc8 13. h5 Na5 14. Kb1 Nc4 15. Bxc4 Rxc4 16. g5 Nd7 17. g6 Nb6 18. h6 fxg6 19. hxg7 Rxf3 20. Bxb6 Qxb6 21. Qh6 Rh3 22. Rxh3 Bxh3 23. Qxh3 Kxg7 24. Rf1 Rxc3 25. Qxc3 Bf6 26. Qc8 Qa7 27. Na5 Qf7 28. Nb7 Qe7 29. Qc6 h5 30. Nxd6 1-0

[Event "Montreal Pere Noel op"]
[Site "Montreal"]
[Date "2004.??.??"]
[Round "3"]
[White "Ibrahim, Anthony"]
[Black "Malette, Martin"]
[Result "1-0"]
[WhiteElo "2256"]
[BlackElo "2081"]
[PlyCount "72"]
[EventDate "2004.12.??"]
[EventType "swiss"]
[EventRounds "5"]
[EventCountry "CAN"]
[SourceTitle "EXT 2006"]
[Source "ChessBase"]
[SourceDate "2005.11.24"]
[SourceVersion "1"]
[SourceVersionDate "2005.11.24"]
[SourceQuality "1"]

1. e4 c5 2. Nf3 d6 3. d4 Nf6 4. Nc3 cxd4 5. Nxd4 g6 6. Be3 Bg7 7. f3 Nc6 8. Qd2 0-0 9. Bc4 Bd7 10. 0-0-0 Rc8 11. Bb3 Ne5 12. h4 Nc4 13. Bxc4 Rxc4 14. h5 Nxh5 15. g4 Nf6 16. Nb3 Bxg4 17. fxg4 Nxg4 18. Rdg1 Nxe3 19. Qxe3 Qc7 20. e5 dxe5 21. Nd5 Qd6 22. Qh3 h5 23. Rd1 e4 24. Ne3 Qf4 25. Rdf1 Qh6 26. Kb1 Rc6 27. Rhg1 e6 28. Na5 Rc5 29. Nac4 f5 30. Rf2 Rf6 31. Nd6 Rf8 32. Rfg2 Kh7 33. Rxg6 Qxg6 34. Rxg6 Kxg6 35. Qg3+ Kh7 36. Qh4 Rf6 1-0

[Event "St Therese Outaouais-Laurentides m2"]
[Site "St Therese"]
[Date "1994.10.15"]
[Round "2"]
[White "Cote, Jacques"]
[Black "Malette, Martin"]
[Result "1/2-1/2"]
[WhiteElo "2004"]
[BlackElo "1919"]
[PlyCount "74"]
[EventDate "1994.10.15"]
[EventType "team-match"]
[EventRounds "2"]
[EventCountry "CAN"]
[SourceTitle "EXT 2022"]
[Source "ChessBase"]
[SourceDate "2021.10.06"]
[SourceVersion "1"]
[SourceVersionDate "2021.10.06"]
[SourceQuality "1"]

1. e4 c5 2. Nf3 d6 3. d4 Nf6 4. Nc3 cxd4 5. Nxd4 g6 6. Be3 Bg7 7. f3 Nc6 8. Qd2 0-0 9. 0-0-0 d5 10. Nxc6 bxc6 11. exd5 Nxd5 12. Nxd5 cxd5 13. Qxd5 Qc7 14. Qxa8 Bf5 15. Qxf8+ Kxf8 16. Rd2 Kg8 17. Ba6 h5 18. Rhd1 Qxh2 19. g4 Qe5 20. Bd4 Qa5 21. Bxg7 Qxa2 22. Rg2 Kxg7 23. gxf5 Qxa6 24. Rdg1 Qa1+ 25. Kd2 Qxb2 26. fxg6 a5 27. gxf7+ Kxf7 28. Rg5 a4 29. Kd3 a3 30. Rxh5 a2 31. Rhh1 Ke6 32. Re1+ Kd5 33. Rh5+ e5 34. c4+ Kd6 35. Rhh1 Kc5 36. Rc1 Qd4+ 37. Ke2 Qb2+ 1/2-1/2